Statistiken für Deutsche Autos

Klicken Sie hier um das Quiz zu spielen!

Allgemein

  • Dieses Quiz wurde 330 mal gespielt
  • Das Durchschnittsergebnis liegt bei 6 aus 8

Antwortstatistiken

Autos% Korrekt
Audi
95%
BMW
93%
Volkswagen
93%
Porsche
86%
Mercedes-Benz
82%
Opel
75%
Smart
34%
MAN
14%

Verteilung der Resultate

Perzentil nach korrekt beantworteten Fragen

Anzahl Personen mit jedem Resultat

Ihre Resultats-Entwicklung

Sie haben dieses Quiz noch nicht gespielt